LEADER 02091nam a2200409 i 4500 001 000000036611 003 CaOOAMICUS 005 20230124082812.0 008 090626s1988 it a u000 u ita u 020 $a88-16-40212-1 040 $aSeMil$bita 100 0 $aAnselmus : Cantuariensis,$c.$0(OLS)http://semarc/name/946 245 10$a1: Priore e abate del Bec /$cAnselmo d'Aosta ; introduzioni di Giorgio Picasso, Inos Biffi, Richard W. Southern ; traduzione di Aldo Granata ; note di Costante Marabelli. 264 1$aMilano :$bJaca Book,$c1988. 300 $a454 p. :$bill., c. geogr. ;$c24 cm. 490 1 $aBiblioteca di cultura medievale 490 1 $aDi fronte e attraverso ;$v212 650 4$aAnselmo : d'Aosta - Lettere e carteggi.$0(OLS)http://semarc/subject/7084 700 1 $aGranata, Aldo.$0(OLS)http://semarc/name/5640 700 1 $aSouthern, Richard William.$0(OLS)http://semarc/name/17272 700 1 $aMarabelli, Costante,$d<1953- >.$0(OLS)http://semarc/name/283 700 1 $aBiffi, Inos,$c.$0(OLS)http://semarc/name/282 700 1 $aPicasso, Giorgio,$c.$0(OLS)http://semarc/name/89587 773 0 $aAnselmus : Cantuariensis $tLettere.$dMilano : Jaca Book, 1988-1993.$g1$w()1087 830 0$aBiblioteca di cultura medievale .$0(OLS)http://semarc/title/530 830 0$aDi fronte e attraverso ;$v212.$0(OLS)http://semarc/title/6486 850 $aSeMil 852 $aSeMil$W1$xVenegono$y1$mSL1.N III 26$j236666$B2766$CSeMilBibl$Z2$F2766 $8I 852 $aSeMil$W1$xVenegono$y1$m3T IV 159/1$j204345$B204345$CSeMilBibl$Z2$F218155 $81 900 0 $aAnselmo : d'Aosta. 961 $aAcquisto: Distributore 961 $aRecupero: Seminario di Seveso 996 $6020$a88-16-40212-1$9(OLS)http://semarc/number/5326 996 $6245$a1: Priore e abate del Bec$9(OLS)http://semarc/title/50781 996 $6264$aMilano :$bJaca Book$9(OLS)http://semarc/publisher/29781 LEADER 02122nam a2200397 i 4500 001 000000040632 003 CaOOAMICUS 005 20100721000000.0 008 100721s1988 xx u000 u fre u 013 $a11802 020 $a2-7070-1149-3 020 $a2-7010-1149-3 040 $aSeMil$bita 245 10$aEssais de théologie pratique :$bl'Institution et le transmettre /$cJacques Audinet ... [et al.] ; préface de René Marlé. 260 $aParis :$bBeauchesne,$c1988. 300 $a210 p. ;$c22 cm. 490 0 $aLe point théologique ;$v49 500 $aIn testa al front.: Institut catholique de Paris. 650 4$aTeologia pastorale.$0(OLS)http://semarc/subject/721 650 4$aTeologia pratica - Atti di congressi.$0(OLS)http://semarc/subject/744 700 1 $aAudinet, Jacques.$0(OLS)http://semarc/name/19889 700 1 $aMarlé, René,$c.$0(OLS)http://semarc/name/8885 710 2 $aInstitut Catholique .$0(OLS)http://semarc/name/1004 774 0 $aSommet, Jacques$tImage du monde dans la société de ce temps. P. 11-27.$w()293079 774 0 $aMarlé, René $tInstitution de l'Écriture. P. 29-52.$w()293080 774 0 $aPasquier, Abel$tA propos des demandes de baptême des petits enfants... ; Typologie des mécanismes du transmettre.$w()293081 774 0 $aBellet, Maurice <1923-2018>$tUsure.$w()293082 774 0 $aAudinet, Jacques$tDe l'artisanat théologique ; Du transmettre ou la tradition comme pratique sociale ; Dispositifs du «transmettre» et... P. 93-106, 109-115, 167-205.$w()293083 830 3$aLe point théologique ;$v49.$0(OLS)http://semarc/title/276 850 $aSeMil 852 $aSeMil$W1$xVenegono$y1$m2G II 219$j6787$B6787$CSeMilBibl$Z2$F6787 $81 961 $aAcquisto: Casa editrice 996 $6020$a2-7070-1149-3$9(OLS)http://semarc/number/10948 996 $6020$a2-7010-1149-3$9(OLS)http://semarc/number/10949 996 $6245$aEssais de théologie pratique :$bl'Institution et le transmettre$9(OLS)http://semarc/title/58460 996 $6260$aParis :$bBeauchesne$9(OLS)http://semarc/publisher/29638